| 000 | 00664nam a22002057a 4500 | ||
|---|---|---|---|
| 999 |
_c16549 _d16549 |
||
| 003 | AR-CdUCM | ||
| 008 | 190503b ||||| |||| 00| 0 spa d | ||
| 040 |
_aMUNICIPALIDAD PROVINCIAL DEL CUSCO _cBIBLIOTECA MUNICIPAL DEL CUSCO |
||
| 082 |
_a581.19 / _bD67 |
||
| 100 |
_aDomínguez S., Xorge Alejandro _936052 |
||
| 245 | _aMétodos de investigación fitoquímica / | ||
| 260 |
_aMéxico : _bLimusa, _c1973. |
||
| 300 |
_a281 paginas ; _c19 cm. |
||
| 505 | _aContenido : Parte 1 --Parte 2 / | ||
| 650 |
_aFitoquimica _936053 |
||
| 650 |
_aBioquímica vegetal _936054 |
||
| 650 |
_aQuímica agrícola _920392 |
||
| 942 |
_2ddc _cLIBROS |
||
| 945 |
_arjall _d2019-05-03 |
||